LEADER 01066nam a2200193 i 4500 001 000000235954 003 CaOOAMICUS 005 20141119000000.0 008 141119s1743 xx u000 u lat u 013 $a214858 026 $a3129 36d. emt- Octu (3) 1743 (R) 040 $aSeMil$bita 245 10$aTomus 9. 300 $a[16], 886, [2] p. 500 $aSegn. : *6 A-2S8 2T2. 773 0 $aAlexandre, Noël <1639-1724>$tR. P. Natalis Alexandri ... Historia ecclesiastica Veteris Novique Testamenti, ab orbe condito ad annum post Christum natum millesimum sexcentesimum, & in loca ejusdem insignia dissertationes historicae, chronologicae, criticae, dogmaticae. Tomus 1. [-18.].$dParisiis : Apud Silvanum De Grasortis : Expensis Joannis-Mariae Lazzaroni veneti, 1740-1744.$bEditio omnium novissima, notis & animadversionibus .. Novi Testamenti aucta .. opera et studio Costantini Roncaglia ..$g9$w()30969 850 $aSeMil 852 $aSeMil$W1$xVenegono$y1$m3A IV 9 FA$j186300$B186300$CSeMilBibl$Z2$F197143 $8I 996 $6245$aTomus 9$9(OLS)http://semarc/title/308143 LEADER 00938nam a2200205 i 4500 001 000000229579 003 CaOOAMICUS 005 20251010103403.0 008 140513s1788 it u000 u ita u 013 $a208481 026 $ae;ei n-oe n-le Eimi (3) 1788 (R) 040 $aSeMil$bita 245 10$aTomo quarto che comprende i primi 12. capitoli dell'Evangelio secondo s. Luca. 300 $a[4], 303, [1] p. 500 $aSegn.: pg2 A-T8. 773 0 $tNuovo Testamento con delle riflessioni morali sopra ciascun versetto per renderne la lettura più utile e la meditazione più facile traduzione dal francese. Tomo 1. [-?.].$dIn Pistoia : Per Atto Bracali, 1786.$g4$w()29868 850 $aSeMil 852 $aSeMil$W1$xVenegono$y1$m2V II 76 FA$j179925$B179925$CSeMilBibl$Z2$F191031 $8I 996 $6245$aTomo quarto che comprende i primi 12. capitoli dell'Evangelio secondo s. Luca$9(OLS)http://semarc/title/328333